000 01326nam0a22004211 4500
001 RU\NLR\A1SV\13269
005 20251203171251.9
035 _a(NLR Aleph) 009698581
090 _a9772880
_c9772880
100 _a19991129d1926 u y0rusy50 ca
101 0 _arus
102 _aRU
200 1 _aМузыка и кино
_eНа кино-муз. фронте. Принципы и методы кино-музыки. Опыт кино-муз. композиции
_fСергей Бугославский, Владимир Мессман
210 _aМ.
_cКинопечать
_d1926
215 _a96 с.
_cнот.
_d18 см
620 _dМосква
700 1 _aБугославский
_bС.А.
_f1888-1946
_gСергей Алексеевич
701 1 _aМессман
_bВ.Л.
_f1898-1972
_gВладимир Львович
_4070
801 0 _aRU
_bNLR
_c19991129
852 _aNLR
_j18.164.7.50
852 _aNLR
_j119/139
899 _aГПИБ
899 _aСПбГУ
899 _aСОУНБ
899 _aБАН
899 _aНБЛ КГУ
899 _aРГБИ
899 _aРКП
899 _aРГБ
899 _aУОНБ
899 _aСамОУНБ
899 _aКирОУНБ
899 _aНБ ТГУ
899 _aНБУВ
942 _cBOOK
980 _aNB
980 _aA1SV